000 00453nam a2200169Ia 4500
003 GCL
008 140319s9999 xx 000 0 ara d
040 _aGCL /
_cGCL
082 0 4 _a273.1042
_bف ا
100 1 _aفايز فارس
245 1 0 _aالاقتراب الى الله /
_cفايز فارس
260 _a[S.N] :
_bدار الثقافة المسيحية ،
_c1986
300 _a417 ص
490 _a
650 0 4 _aالله
942 _2ddc
_cBK
999 _c54026
_d54026